[Event "Ste-Foy 3 2024-25"]
[Site "Sainte-Foy CAN"]
[Date "2025.01.27"]
[Round "3"]
[White "Soubeyrand, Maxence"]
[Black "Bergeron, Cedric"]
[Result "0-1"]
[WhiteElo "1044"]
[BlackElo "1160"]
[WhiteFideId "-1"]
[WhiteFideId "-1"]
[PlyCount "68"]
[GameId "2142279855272934"]
[EventDate "2025.01.13"]
[EventType "swiss"]
[EventRounds "5"]
[EventCountry "CAN"]
[TimeControl "5400+30"]

1. d4 d5 2. Bf4 Nf6 3. e3 Nc6 4. c4 Bf5 5. Qb3 Rb8 6. cxd5 Nxd5 7. Bg3 Ndb4 8. Na3 e6 9. Nf3 a6 10. Be2 Na5 11. Qa4+ Nbc6 12. Ne5 b5 13. Nxc6 Nxc6 14. Qxa6 Rb6 15. Qxb6 cxb6 16. Bxb5 Bb4+ 17. Ke2 Be4 18. Rac1 Qa8 19. Rc4 Bxa3 20. bxa3 O-O 21. Rhc1 Qxa3 22. Bxc6 Qd3+ 23. Ke1 Bxc6 24. Rxc6 Qa6 25. R1c2 h6 26. Rb2 Qa5+ 27. Ke2 b5 28. Rc5 Qa6 29. Rcxb5 Rd8 30. Kd2 f6 31. Rb8 Rxb8 32. Bxb8 Qa3 33. Kc2 Qa4+ 34. Kb1 Qd1# 0-1

[Event "Ste-Foy 3 2024-25"]
[Site "Sainte-Foy CAN"]
[Date "2025.01.27"]
[Round "3"]
[White "Soucy, Mathieu"]
[Black "Boudreault, Alexandre"]
[Result "1/2-1/2"]
[WhiteElo "1290"]
[BlackElo "1145"]
[WhiteFideId "-1"]
[WhiteFideId "-1"]
[PlyCount "98"]
[GameId "2142279855272935"]
[EventDate "2025.01.13"]
[EventType "swiss"]
[EventRounds "5"]
[EventCountry "CAN"]
[TimeControl "5400+30"]

1. e4 e5 2. Nf3 Nc6 3. d4 exd4 4. Bc4 Nf6 5. Ng5 d5 6. exd5 Na5 7. Qxd4 Nxc4 8. Qxc4 Qxd5 9. Qxc7 Bd6 10. Qc3 Qxg2 11. Qf3 Qxf3 12. Nxf3 Bf5 13. Nd4 Bg6 14. Nc3 Rc8 15. Be3 O-O 16. O-O-O Bb4 17. Ndb5 Bxc3 18. Nxc3 Ne4 19. Bd4 Rfe8 20. f3 Nxc3 21. Bxc3 f6 22. Rhe1 Rc7 23. Rxe8+ Bxe8 24. Rd8 Kf7 25. Bd4 a6 26. Kd2 Rd7 27. Rxd7+ Bxd7 28. b3 Kg6 29. a4 Kg5 30. Ke2 Bf5 31. c4 Bc2 32. b4 Bxa4 33. Kf2 Kf5 34. Ke3 Ke6 35. f4 g6 36. h4 h5 37. c5 f5 38. Kd3 Kd5 39. Bc3 Bb5+ 40. Ke3 Kc4 41. Bd2 a5 42. c6 Bxc6 43. bxa5 Kb3 44. Kd4 Kc2 45. Be1 Kd1 46. Bb4 Ke2 47. Ke5 Kf3 48. Be1 Ke3 49. Bb4 Kf3 1/2-1/2

[Event "Ste-Foy 3 2024-25"]
[Site "Sainte-Foy CAN"]
[Date "2025.01.27"]
[Round "3"]
[White "Tremblay, Charles"]
[Black "Breton, Sylvain"]
[Result "1-0"]
[WhiteElo "1529"]
[BlackElo "1255"]
[WhiteFideId "-1"]
[WhiteFideId "-1"]
[PlyCount "61"]
[GameId "2142279855272936"]
[EventDate "2025.01.13"]
[EventType "swiss"]
[EventRounds "5"]
[EventCountry "CAN"]
[TimeControl "5400+30"]

1. d4 g6 2. Bf4 Bg7 3. e3 Nf6 4. Nf3 O-O 5. Nbd2 d6 6. c3 Nc6 7. Bd3 Nh5 8. Bg3 Bg4 9. Qc2 Re8 10. O-O e5 11. Bh4 Bf6 12. Bxf6 Qxf6 13. Rfe1 d5 14. dxe5 Nxe5 15. Nxe5 Rxe5 16. f3 Bd7 17. f4 Re7 18. Nf3 Rae8 19. Ne5 Nxf4 20. Nxd7 Qc6 21. Rf1 Nxd3 22. Nf6+ Kg7 23. Nxe8+ Qxe8 24. Qxd3 Rxe3 25. Qxd5 c6 26. Qd4+ f6 27. Qxf6+ Kg8 28. Rad1 Re2 29. Rd8 Qxd8 30. Qxd8+ Kg7 31. Qf8# 1-0

[Event "Ste-Foy 3 2024-25"]
[Site "Sainte-Foy CAN"]
[Date "2025.01.27"]
[Round "3"]
[White "Vallee, Maxime"]
[Black "Laurendeau, Alfred"]
[Result "1/2-1/2"]
[WhiteElo "1276"]
[BlackElo "1544"]
[WhiteFideId "-1"]
[WhiteFideId "-1"]
[PlyCount "128"]
[GameId "2142279855272940"]
[EventDate "2025.01.13"]
[EventType "swiss"]
[EventRounds "5"]
[EventCountry "CAN"]
[TimeControl "5400+30"]

1. e4 d5 2. exd5 Qxd5 3. Nc3 Qd8 4. Nf3 Nf6 5. g3 Bg4 6. h3 Bxf3 7. Qxf3 c6 8. d3 e6 9. Bg5 Nbd7 10. O-O-O h6 11. Be3 Bb4 12. Ne4 Nd5 13. a3 Nxe3 14. fxe3 Be7 15. Be2 Qc7 16. h4 Nf6 17. Rhf1 O-O 18. d4 Nxe4 19. Qxe4 Qxg3 20. Bd3 Qg6 21. Qe5 f5 22. Rg1 Qf6 23. Qc7 Rab8 24. h5 Qf7 25. Rg6 Bg5 26. Qg3 f4 27. Qh3 fxe3 28. Kb1 e2 29. Bxe2 Qe7 30. Rxe6 Qc7 31. Bc4 Kh8 32. Bd3 Rbe8 33. Qf5 g6 34. Qxg6 Rxe6 35. Qxe6 Rf6 36. Qe8+ Kg7 37. Re1 Rd6 38. Qe5+ Bf6 39. Qg3+ Kf8 40. Bh7 Bg5 41. Bg6 Kg7 42. Re8 Qd7 43. Qe5+ Bf6 44. Qg3 Bg5 45. c3 c5 46. Qf2 Bf6 47. dxc5 Rd1+ 48. Kc2 Qa4+ 49. b3 Qd7 50. Re7+ Qxe7 51. Kxd1 Bxc3 52. Kc2 Qf6 53. Qxf6+ Bxf6 54. Kd3 Kf8 55. Ke4 Ke7 56. Kd5 Kd7 57. a4 Kc7 58. b4 a6 59. Be8 Bc3 60. b5 axb5 61. axb5 b6 62. Bc6 Bb4 63. cxb6+ Kxb6 64. Ke6 Bd2 1/2-1/2

[Event "Ste-Foy 3 2024-25"]
[Site "Sainte-Foy CAN"]
[Date "2025.02.03"]
[Round "4"]
[White "Bergeron, Cedric"]
[Black "Boudreault, Alexandre"]
[Result "1-0"]
[WhiteElo "1160"]
[BlackElo "1145"]
[WhiteFideId "-1"]
[WhiteFideId "-1"]
[PlyCount "65"]
[GameId "2142279855272946"]
[EventDate "2025.01.13"]
[EventType "swiss"]
[EventRounds "5"]
[EventCountry "CAN"]
[TimeControl "5400+30"]

1. e4 e5 2. Nf3 Nc6 3. Bc4 Bc5 4. c3 Nf6 5. d4 exd4 6. cxd4 Bb4+ 7. Nc3 O-O 8. O-O Bxc3 9. bxc3 Nxe4 10. Qc2 d5 11. Bd3 Nf6 12. Re1 Bg4 13. Ne5 Bd7 14. Bg5 Be6 15. Re3 h6 16. Bxf6 Qxf6 17. Rf3 Qe7 18. Qd2 Nxe5 19. dxe5 c6 20. Rg3 Kh8 21. Re1 Qd7 22. Ree3 Bf5 23. Bxf5 Qxf5 24. Qb2 Qd7 25. Rd3 Qc7 26. c4 dxc4 27. Rxg7 Rg8 28. Rdg3 Rxg7 29. e6 Rag8 30. Qf6 fxe6 31. Qxh6+ Rh7 32. Qf6+ Rhg7 33. Rh3# 1-0

[Event "Ste-Foy 3 2024-25"]
[Site "Sainte-Foy CAN"]
[Date "2025.02.03"]
[Round "4"]
[White "Blais, Pierre-Luc"]
[Black "Vallee, Maxime"]
[Result "1-0"]
[WhiteElo "1431"]
[BlackElo "1276"]
[WhiteFideId "-1"]
[WhiteFideId "-1"]
[PlyCount "71"]
[GameId "2142279855272948"]
[EventDate "2025.01.13"]
[EventType "swiss"]
[EventRounds "5"]
[EventCountry "CAN"]
[TimeControl "5400+30"]

1. d4 e5 2. dxe5 d6 3. e3 Nc6 4. Nf3 Bg4 5. Be2 Qd7 6. exd6 Bxd6 7. O-O O-O-O 8. b3 h5 9. Bb2 f6 10. Nc3 Qf5 11. Bd3 Qc5 12. Ne4 Qb6 13. Nxd6+ Rxd6 14. h3 Bd7 15. a3 Nge7 16. Nd2 Be6 17. Qe2 Ne5 18. Bxe5 fxe5 19. Qf3 Bd5 20. e4 Rf6 21. Qg3 Rg6 22. Qxe5 Be6 23. Nc4 Qc6 24. Kh2 Nf5 25. f3 Ne7 26. Ne3 Qd7 27. Bc4 Bxh3 28. gxh3 Qd2+ 29. Kh1 Qxe3 30. Qxe7 Rg3 31. Rad1 Qg5 32. Be6+ Kb8 33. Qxg5 Rxg5 34. Rg1 Rc5 35. c4 a6 36. Rxg7 1-0

[Event "Ste-Foy 3 2024-25"]
[Site "Sainte-Foy CAN"]
[Date "2025.02.03"]
[Round "4"]
[White "Cantin, Guillaume"]
[Black "Laurendeau, Alfred"]
[Result "0-1"]
[WhiteElo "1109"]
[BlackElo "1544"]
[WhiteFideId "-1"]
[WhiteFideId "-1"]
[PlyCount "54"]
[GameId "2142279855272949"]
[EventDate "2025.01.13"]
[EventType "swiss"]
[EventRounds "5"]
[EventCountry "CAN"]

1. d4 Nf6 2. c4 e6 3. Nc3 Bb4 4. e3 b6 5. Bd3 Bb7 6. Nf3 Ne4 7. Bxe4 Bxe4 8. O-O Bxc3 9. bxc3 O-O 10. Nd2 Bb7 11. Re1 f5 12. e4 Qf6 13. e5 Qg6 14. Nf3 Nc6 15. d5 Na5 16. Qd3 Ba6 17. dxe6 Qxe6 18. Qd5 Bxc4 19. Qxe6+ Bxe6 20. Ba3 c5 21. Ng5 Nc4 22. Nxe6 dxe6 23. Bc1 Rfd8 24. Bf4 h6 25. Rad1 g5 26. Be3 f4 27. Bc1 Nxe5 0-1

[Event "Ste-Foy 3 2024-25"]
[Site "Sainte-Foy CAN"]
[Date "2025.02.03"]
[Round "4"]
[White "Caron-Ouellette, Charles"]
[Black "Dionne, Frederick"]
[Result "1-0"]
[WhiteElo "1311"]
[BlackElo "1241"]
[WhiteFideId "-1"]
[WhiteFideId "-1"]
[PlyCount "93"]
[GameId "2142279855399930"]
[EventDate "2025.01.13"]
[EventType "swiss"]
[EventRounds "5"]
[EventCountry "CAN"]

1. e4 e5 2. Nf3 Nc6 3. Bc4 f5 4. d3 f4 5. Nxe5 Nxe5 6. Qh5+ Ng6 7. Bxg8 Qh4 8. Qd5 Qf6 9. Qb3 c6 10. Nc3 Nh4 11. O-O Qg6 12. g3 Nf3+ 13. Kg2 Nd4 14. Qa4 f3+ 15. Kh1 Nxc2 16. Qxc2 Rxg8 17. Bf4 d5 18. exd5 cxd5 19. Nxd5 Bd6 20. Bxd6 Qxd6 21. Nc7+ Kf7 22. Nxa8 Bh3 23. Qc7+ Qxc7 24. Nxc7 Bxf1 25. Rxf1 Rc8 26. Nb5 Rc2 27. Nd6+ Ke7 28. Nxb7 Rxb2 29. Nc5 Rd2 30. Kg1 Rxa2 31. Re1+ Kd6 32. Ne4+ Kc6 33. Ng5 Re2 34. Nxf3 Rxe1+ 35. Nxe1 a5 36. Nc2 Kb5 37. Kf1 Ka4 38. Ke1 Kb3 39. Kd2 a4 40. f4 a3 41. Nxa3 Kxa3 42. Kc3 Ka4 43. Kc4 Ka5 44. Kc5 Ka6 45. Kc6 g6 46. d4 Ka7 47. Kc7 1-0

[Event "Ste-Foy 3 2024-25"]
[Site "Sainte-Foy CAN"]
[Date "2025.02.03"]
[Round "4"]
[White "Pepin, Pierre-Luc"]
[Black "Soucy, Mathieu"]
[Result "0-1"]
[WhiteElo "1138"]
[BlackElo "1290"]
[WhiteFideId "-1"]
[WhiteFideId "-1"]
[PlyCount "24"]
[GameId "2142279855272947"]
[EventDate "2025.01.13"]
[EventType "swiss"]
[EventRounds "5"]
[EventCountry "CAN"]
[TimeControl "5400+30"]

1. d4 Nf6 2. c4 e5 3. dxe5 Ng4 4. f4 Bc5 5. Nh3 d6 6. exd6 cxd6 7. Qd5 Nf6 8. Qf3 Nc6 9. Nf2 Nd4 10. Qe3+ Be6 11. Qc3 O-O 12. Be3 Bb4 0-1

[Event "Ste-Foy 3 2024-25"]
[Site "Sainte-Foy CAN"]
[Date "2025.02.03"]
[Round "4"]
[White "Poitras, Marc"]
[Black "Tremblay, Charles"]
[Result "0-1"]
[WhiteElo "1347"]
[BlackElo "1529"]
[WhiteFideId "-1"]
[WhiteFideId "-1"]
[PlyCount "74"]
[GameId "2142279855272950"]
[EventDate "2025.01.13"]
[EventType "swiss"]
[EventRounds "5"]
[EventCountry "CAN"]

1. d4 e6 2. Nf3 d5 3. c4 Nf6 4. Nc3 Bb4 5. Bf4 Nbd7 6. a3 Bxc3+ 7. bxc3 dxc4 8. e3 b5 9. a4 c6 10. Qc1 O-O 11. Be2 Bb7 12. Bd6 Re8 13. a5 a6 14. Qa3 Ne4 15. Bb4 Qf6 16. O-O Ng5 17. Nxg5 Qxg5 18. Bf3 e5 19. Bd6 e4 20. Bf4 Qg6 21. Be2 Re6 22. Qc1 Nf6 23. Qd1 Nd5 24. Bh5 Nxc3 25. Bxg6 Nxd1 26. Bxf7+ Kxf7 27. Rfxd1 Rd8 28. Bc7 Rd5 29. Bb6 Bc8 30. h3 h5 31. g3 g5 32. Bd8 Rxd8 33. Kh2 Rf6 34. Ra2 Be6 35. Rc2 Rb8 36. Kg2 b4 37. Rb1 c3 0-1

[Event "Ste-Foy 3 2024-25"]
[Site "Sainte-Foy CAN"]
[Date "2025.02.03"]
[Round "4"]
[White "Shi, Evan"]
[Black "Tremblay, Noah"]
[Result "1-0"]
[WhiteElo "1787"]
[BlackElo "1566"]
[WhiteFideId "-1"]
[WhiteFideId "-1"]
[PlyCount "53"]
[GameId "2142279855272951"]
[EventDate "2025.01.13"]
[EventType "swiss"]
[EventRounds "5"]
[EventCountry "CAN"]

1. c4 Nf6 2. Nc3 g6 3. d4 d5 4. cxd5 Nxd5 5. e4 Nxc3 6. bxc3 Bg7 7. Be3 c5 8. e5 Qa5 9. Bd2 Nc6 10. Bc4 cxd4 11. cxd4 Qc7 12. Bb5 O-O 13. Ne2 Nxd4 14. Nxd4 Bxe5 15. Rc1 Qb6 16. Be3 Bxd4 17. Qxd4 Qxb5 18. Bh6 e5 19. Qd6 Bg4 20. f3 Rfd8 21. Qf6 Qb4+ 22. Kf2 Qd4+ 23. Kg3 e4 24. Qxd4 Rxd4 25. fxg4 Rd3+ 26. Kf2 f6 27. Be3 1-0

[Event "Ste-Foy 3 2024-25"]
[Site "Sainte-Foy CAN"]
[Date "2025.02.03"]
[Round "4"]
[White "Soubeyrand, Maxence"]
[Black "Lebel, Michel"]
[Result "1-0"]
[WhiteElo "1044"]
[BlackElo "1111"]
[WhiteFideId "-1"]
[WhiteFideId "-1"]
[PlyCount "133"]
[GameId "2142279855272944"]
[EventDate "2025.01.13"]
[EventType "swiss"]
[EventRounds "5"]
[EventCountry "CAN"]
[TimeControl "5400+30"]

1. d4 e6 2. Bf4 Nf6 3. e3 a6 4. Nf3 d5 5. c3 Nc6 6. Nbd2 Bd6 7. Bxd6 Qxd6 8. h3 h6 9. Bd3 Bd7 10. O-O O-O-O 11. c4 Nb4 12. Be2 Rde8 13. cxd5 exd5 14. a3 Nc6 15. b4 Na7 16. Qb3 Bb5 17. Bxb5 Nxb5 18. a4 Na7 19. b5 a5 20. b6 Qxb6 21. Qxb6 cxb6 22. Rfc1+ Nc6 23. Ne5 Re6 24. Nxf7 Rf8 25. Ne5 Nd7 26. Ndf3 Kd8 27. Nxd7 Kxd7 28. Rc3 g5 29. Rb1 Kc7 30. Ne5 Ref6 31. Nd3 h5 32. Rcb3 Nb4 33. Nxb4 axb4 34. R1b2 g4 35. hxg4 hxg4 36. g3 Rc6 37. Rb1 Rc4 38. Rxb4 Rxb4 39. Rxb4 Ra8 40. Kg2 Kc6 41. f3 gxf3+ 42. Kxf3 Rh8 43. g4 Rh3+ 44. Kf4 Rh1 45. Kf5 Re1 46. g5 Rxe3 47. g6 Rf3+ 48. Kg5 Rg3+ 49. Kh6 Rh3+ 50. Kg7 Rg3 51. Rb2 Rg4 52. Rf2 b5 53. axb5+ Kxb5 54. Rf6 Kc4 55. Kf7 Kxd4 56. Rb6 Rf4+ 57. Kg7 Ke5 58. Rxb7 Kf5 59. Rf7+ Kg5 60. Rxf4 Kxf4 61. Kf6 d4 62. g7 d3 63. g8=Q Ke3 64. Qe6+ Kd4 65. Qe1 Kc4 66. Qd2 Kd4 67. Kf5 1-0

[Event "Ste-Foy 3 2024-25"]
[Site "Sainte-Foy CAN"]
[Date "2025.02.03"]
[Round "4"]
[White "Verge, Leo"]
[Black "Couture, Francois"]
[Result "1-0"]
[WhiteElo "1600"]
[BlackElo "1259"]
[WhiteFideId "-1"]
[WhiteFideId "-1"]
[PlyCount "43"]
[GameId "2142279855272952"]
[EventDate "2025.01.13"]
[EventType "swiss"]
[EventRounds "5"]
[EventCountry "CAN"]

1. d4 Nf6 2. c4 e6 3. Nf3 d5 4. Nc3 Bb4 5. e3 c5 6. a3 Bxc3+ 7. bxc3 O-O 8. Be2 Nbd7 9. O-O Re8 10. Bb2 b6 11. Qc2 Bb7 12. Rfd1 Qc7 13. cxd5 Bxd5 14. c4 Be4 15. Qc3 Rad8 16. d5 exd5 17. cxd5 Ne5 18. Nxe5 Rxe5 19. Qxe5 Qxe5 20. Bxe5 Bxd5 21. Bxf6 gxf6 22. Bf3 1-0

[Event "Ste-Foy 3 2024-25"]
[Site "Sainte-Foy CAN"]
[Date "2025.02.03"]
[Round "4"]
[White "Wafer, Jacques"]
[Black "Renzo, Alain"]
[Result "1-0"]
[WhiteElo "1462"]
[BlackElo "1272"]
[WhiteFideId "-1"]
[WhiteFideId "-1"]
[PlyCount "54"]
[GameId "2142279855399929"]
[EventDate "2025.01.13"]
[EventType "swiss"]
[EventRounds "5"]
[EventCountry "CAN"]

1. e4 e6 2. Nf3 d5 3. exd5 exd5 4. d4 Bg4 5. Be2 Bd6 6. O-O h6 7. Re1 Ne7 8. c4 O-O 9. c5 c6 10. cxd6 Qxd6 11. h3 Bh5 12. Ne5 Bxe2 13. Qxe2 Nf5 14. Qg4 Qf6 15. Nd2 g6 16. Nb3 h5 17. Qf4 Re8 18. Bd2 Qd6 19. a3 b6 20. g4 hxg4 21. hxg4 Rxe5 22. gxf5 Rxe1+ 23. Rxe1 Qxf4 24. Re8+ Kg7 25. Bxf4 Kf6 26. fxg6 Kxg6 27. Rxb8 Rxb8 1-0

[Event "Ste-Foy 3 2024-25"]
[Site "Sainte-Foy CAN"]
[Date "2025.01.13"]
[Round "5"]
[White "Verge, Leo"]
[Black "Shi, Evan"]
[Result "0-1"]
[WhiteElo "1600"]
[BlackElo "1787"]
[WhiteFideId "-1"]
[WhiteFideId "-1"]
[PlyCount "68"]
[GameId "2144880208088286"]
[EventDate "2025.01.13"]
[EventType "swiss"]
[EventRounds "5"]
[EventCountry "CAN"]

1. d4 f5 2. c4 Nf6 3. Nf3 e6 4. e3 b6 5. a3 Bb7 6. Be2 Be7 7. b4 a5 8. b5 O-O 9. O-O d6 10. a4 Nbd7 11. Bb2 Ne4 12. Qb3 Kh8 13. Nfd2 Rf6 14. f3 Nxd2 15. Nxd2 Rg6 16. Qc2 Bh4 17. Bd3 Qg5 18. Nb3 Qxe3+ 19. Kh1 Qh6 20. d5 Bg3 21. h3 Ne5 22. Bc1 Qh4 23. dxe6 Nxf3 24. Bxf5 Ne1 25. Rxe1 Bxe1 26. Bxg6 Rf8 27. Bf7 Bf2 28. Qc3 Qe4 29. Qxg7+ Kxg7 30. Bb2+ Kh6 31. Bc1+ Be3 32. Bxe3+ Qxe3 33. Rf1 Qxh3+ 34. Kg1 Qxg2# 0-1

[Event "Ste-Foy 3 2024-25"]
[Site "Sainte-Foy CAN"]
[Date "2025.02.10"]
[Round "5"]
[White "Vallee, Maxime"]
[Black "Cantin, Guillaume"]
[Result "1/2-1/2"]
[WhiteElo "1276"]
[BlackElo "1109"]
[WhiteFideId "-1"]
[WhiteFideId "-1"]
[PlyCount "57"]
[GameId "2144880208088284"]
[EventDate "2025.01.13"]
[EventType "swiss"]
[EventRounds "5"]
[EventCountry "CAN"]
[TimeControl "5400+30"]

1. e4 e6 2. Nc3 d5 3. exd5 exd5 4. Qe2+ Be7 5. d3 Nf6 6. Bg5 O-O 7. O-O-O Re8 8. Qf3 Bg4 9. Qg3 Bxd1 10. Kxd1 Bd6 11. f4 Bc5 12. Bxf6 Qxf6 13. Nxd5 Qd6 14. Nc3 a6 15. Qf3 Nc6 16. Nge2 Rad8 17. Ne4 Qe7 18. Nxc5 Qxc5 19. g4 Qe3 20. Bg2 Qxf3 21. Bxf3 Kf8 22. Bxc6 bxc6 23. Nc3 Rb8 24. b3 Red8 25. Na4 Rd4 26. Nc5 Ke7 27. Re1+ Kd6 28. Ne4+ Kd7 29. Kd2 1/2-1/2

[Event "Ste-Foy 3 2024-25"]
[Site "Sainte-Foy CAN"]
[Date "2025.03.10"]
[Round "5"]
[White "Breton, Sylvain"]
[Black "Pepin, Pierre-Luc"]
[Result "1-0"]
[WhiteElo "1255"]
[BlackElo "1138"]
[WhiteFideId "-1"]
[WhiteFideId "-1"]
[PlyCount "35"]
[GameId "2144880208088283"]
[EventDate "2025.01.13"]
[EventType "swiss"]
[EventRounds "5"]
[EventCountry "CAN"]
[TimeControl "5400+30"]

1. d4 d5 2. c4 e6 3. Nc3 Nf6 4. Bg5 Be7 5. e3 Nbd7 6. Nf3 c6 7. cxd5 exd5 8. Be2 b6 9. h3 Bd6 10. O-O Bb7 11. e4 dxe4 12. Nxe4 Be7 13. Ng3 g6 14. Bh6 Nd5 15. Re1 f6 16. Bc4 Kf7 17. Qe2 Re8 18. Qe6# 1-0

[Event "Ste-Foy 3 2024-25"]
[Site "Sainte-Foy CAN"]
[Date "2025.03.10"]
[Round "5"]
[White "Dionne, Frederick"]
[Black "Renzo, Alain"]
[Result "1-0"]
[WhiteElo "1241"]
[BlackElo "1272"]
[WhiteFideId "-1"]
[WhiteFideId "-1"]
[PlyCount "69"]
[GameId "2144880208088285"]
[EventDate "2025.01.13"]
[EventType "swiss"]
[EventRounds "5"]
[EventCountry "CAN"]
[TimeControl "5400+30"]

1. e4 e6 2. b3 d5 3. Bb2 dxe4 4. Nc3 Nf6 5. Qe2 Bd7 6. Nxe4 Be7 7. O-O-O O-O 8. Nf3 a6 9. Ne5 Bb5 10. c4 Bc6 11. Nxf6+ Bxf6 12. Qh5 Nd7 13. f4 g6 14. Qh3 Be4 15. d3 Bc6 16. Kb1 Nxe5 17. fxe5 Bg5 18. Be2 b5 19. Qg4 Qe7 20. h4 h5 21. Qg3 Bh6 22. Bxh5 Kh7 23. Bf3 Bxf3 24. Qxf3 bxc4 25. dxc4 Rad8 26. Rxd8 Rxd8 27. g4 Bg7 28. Rf1 Rf8 29. g5 Qc5 30. Qe2 Kg8 31. h5 gxh5 32. Qxh5 Bxe5 33. g6 fxg6 34. Qxg6+ Kh8 35. Rh1# 1-0

[Event "Ste-Foy 3 2024-25"]
[Site "Sainte-Foy CAN"]
[Date "2025.03.10"]
[Round "5"]
[White "Gagnon, Antoine"]
[Black "Wafer, Jacques"]
[Result "1-0"]
[WhiteElo "1672"]
[BlackElo "1462"]
[WhiteFideId "-1"]
[WhiteFideId "-1"]
[PlyCount "51"]
[GameId "2144880208088287"]
[EventDate "2025.01.13"]
[EventType "swiss"]
[EventRounds "5"]
[EventCountry "CAN"]

1. Nf3 d5 2. g3 Nf6 3. Bg2 e6 4. d4 c5 5. O-O b6 6. c4 Bd6 7. Nc3 Nbd7 8. Bf4 Bxf4 9. gxf4 Rb8 10. Ne5 Bb7 11. Nb5 O-O 12. Nxa7 Qe8 13. Nb5 Nxe5 14. fxe5 Nh5 15. Nd6 Qe7 16. e3 Qg5 17. f4 Qg6 18. Kh1 Ba8 19. cxd5 f6 20. f5 Qh6 21. Qg4 exd5 22. Bf3 Qxe3 23. Qxh5 Qxd4 24. Rg1 Qxe5 25. Rxg7+ Kh8 26. Qxh7# 1-0

[Event "Ste-Foy 3 2024-25"]
[Site "Sainte-Foy CAN"]
[Date "2025.03.10"]
[Round "5"]
[White "Laurendeau, Alfred"]
[Black "Couture, Francois"]
[Result "1-0"]
[WhiteElo "1544"]
[BlackElo "1259"]
[WhiteFideId "-1"]
[WhiteFideId "-1"]
[PlyCount "65"]
[GameId "2144880208088289"]
[EventDate "2025.01.13"]
[EventType "swiss"]
[EventRounds "5"]
[EventCountry "CAN"]

1. c4 Nf6 2. g3 e6 3. Nc3 Bb4 4. Bg2 O-O 5. e4 d6 6. Nge2 c5 7. O-O Nc6 8. a3 Bxc3 9. bxc3 e5 10. h3 Be6 11. d3 Qc7 12. f4 exf4 13. Nxf4 Rfe8 14. Nd5 Qd7 15. Nxf6+ gxf6 16. Qh5 Qe7 17. Qh6 Kh8 18. Rxf6 Qf8 19. Rb1 Rab8 20. Bf4 Qxh6 21. Rxh6 Ne5 22. d4 cxd4 23. cxd4 Nxc4 24. e5 d5 25. g4 Rg8 26. Bf1 Bxg4 27. Kh2 Be6 28. Bd3 Rg7 29. Rh5 b6 30. Bg5 Nd2 31. Bxd2 Rbg8 32. Bg5 Rxg5 33. Rxh7# 1-0

[Event "Ste-Foy 3 2024-25"]
[Site "Sainte-Foy CAN"]
[Date "2025.03.10"]
[Round "5"]
[White "Soucy, Mathieu"]
[Black "Bergeron, Cedric"]
[Result "1-0"]
[WhiteElo "1290"]
[BlackElo "1160"]
[WhiteFideId "-1"]
[WhiteFideId "-1"]
[PlyCount "67"]
[GameId "2144880208088291"]
[EventDate "2025.01.13"]
[EventType "swiss"]
[EventRounds "5"]
[EventCountry "CAN"]

1. e4 e5 2. Nf3 Nc6 3. d4 Nxd4 4. Nxd4 exd4 5. Qxd4 Nf6 6. Bg5 Be7 7. e5 c5 8. Qc4 d5 9. Qa4+ Bd7 10. Bb5 Bxb5 11. Qxb5+ Nd7 12. Bxe7 Qxe7 13. O-O O-O 14. Nc3 Nxe5 15. Nxd5 Qg5 16. Qe2 Ng4 17. Ne3 Nxh2 18. Kxh2 Qh4+ 19. Kg1 Rae8 20. Qg4 Qf6 21. c3 Re5 22. Qh3 Qg6 23. Rae1 Rh5 24. Nf5 Rxf5 25. Re4 Rxf2 26. Rfe1 f5 27. Re6 Rxg2+ 28. Qxg2 Qh5 29. Qxb7 f4 30. R6e5 Qh4 31. Qd5+ Kh8 32. Re8 Qf6 33. Qa8 Kg8 34. Rxf8+ 1-0

[Event "Ste-Foy 3 2024-25"]
[Site "Sainte-Foy CAN"]
[Date "2025.03.10"]
[Round "5"]
[White "Tremblay, Noah"]
[Black "Caron-Ouellette, Charles"]
[Result "1-0"]
[WhiteElo "1566"]
[BlackElo "1311"]
[WhiteFideId "-1"]
[WhiteFideId "-1"]
[PlyCount "87"]
[GameId "2144880208088288"]
[EventDate "2025.01.13"]
[EventType "swiss"]
[EventRounds "5"]
[EventCountry "CAN"]

1. e4 d5 2. exd5 Nf6 3. d4 Nxd5 4. c4 Nb6 5. Nf3 Bg4 6. h3 Bh5 7. Nc3 Nc6 8. g4 Bg6 9. d5 Nb4 10. Nd4 c6 11. a3 Na6 12. dxc6 bxc6 13. Bg2 Rc8 14. Bxc6+ Rxc6 15. Nxc6 Qxd1+ 16. Kxd1 Nxc4 17. b3 Nd6 18. Be3 Ne4 19. Rc1 e6 20. b4 Nc7 21. Nxa7 Bd6 22. Ke2 O-O 23. Nxe4 Bxe4 24. Rhd1 Nd5 25. f3 Bg6 26. Bc5 Bxc5 27. Rxc5 Nf4+ 28. Ke3 Nd5+ 29. Kf2 Nf4 30. Rc8 Rxc8 31. Nxc8 h5 32. b5 Nd5 33. Rxd5 exd5 34. Ne7+ Kf8 35. Nxg6+ Ke8 36. Ne5 Kd8 37. b6 Kc8 38. a4 Kb7 39. a5 f6 40. Nd7 hxg4 41. hxg4 d4 42. Nc5+ Ka8 43. b7+ Kb8 44. a6 1-0

[Event "Ste-Foy 4 2024-25"]
[Site "Sainte-Foy CAN"]
[Date "2025.02.24"]
[Round "1"]
[White "Blais, Pierre-Luc"]
[Black "Soubeyrand, Maxence"]
[Result "1-0"]
[WhiteElo "1439"]
[BlackElo "1063"]
[WhiteFideId "-1"]
[WhiteFideId "-1"]
[PlyCount "131"]
[GameId "2149659239907436"]
[EventDate "2025.02.24"]
[EventType "swiss"]
[EventRounds "5"]
[EventCountry "CAN"]
[TimeControl "5400+30"]

1. d4 d5 2. c4 c6 3. Nc3 Nf6 4. Bg5 Nbd7 5. Nf3 g6 6. e3 Bg7 7. Qb3 Qb6 8. Qc2 O-O 9. cxd5 Nxd5 10. Nxd5 cxd5 11. Be2 e5 12. Rd1 exd4 13. Nxd4 Nf6 14. O-O Ne4 15. Bf4 Be6 16. f3 Rac8 17. Qb1 Nf6 18. Bg3 Rfe8 19. Rc1 Nh5 20. Bf2 Bxd4 21. exd4 Bf5 22. Bd3 Bxd3 23. Qxd3 Rxc1 24. Rxc1 Qxb2 25. Qb1 Re2 26. Qxb2 Rxb2 27. Be3 Rxa2 28. Bh6 f5 29. g4 fxg4 30. fxg4 Nf6 31. Rf1 Kf7 32. g5 Ra6 33. gxf6 Rxf6 34. Rc1 Rc6 35. Rb1 b6 36. Bf4 Rc4 37. Be5 Ke6 38. Rf1 a5 39. Rf6+ Kd7 40. Rxb6 a4 41. Rd6+ Kc7 42. Rxd5+ Kc6 43. Ra5 Kb6 44. Ra8 Kb7 45. Rf8 a3 46. Rf7+ Kc6 47. Rxh7 Ra4 48. Rc7+ Kd5 49. Rc1 a2 50. Ra1 Kc4 51. Kg2 Ra3 52. Kf2 g5 53. Ke2 Kd5 54. Kd2 Ke4 55. Kc2 g4 56. Kb2 Ra4 57. Rxa2 Rxa2+ 58. Kxa2 Kd5 59. Kb3 Ke6 60. Kc4 Kf5 61. Kc5 Ke6 62. Kc6 Ke7 63. d5 Kd8 64. Bf6+ Ke8 65. d6 g3 66. d7+ 1-0

[Event "Ste-Foy 4 2024-25"]
[Site "Sainte-Foy CAN"]
[Date "2025.02.24"]
[Round "1"]
[White "Boudreault, Alexandre"]
[Black "Wafer, Jacques"]
[Result "0-1"]
[WhiteElo "1130"]
[BlackElo "1440"]
[WhiteFideId "-1"]
[WhiteFideId "-1"]
[PlyCount "72"]
[GameId "2149659239907437"]
[EventDate "2025.02.24"]
[EventType "swiss"]
[EventRounds "5"]
[EventCountry "CAN"]
[TimeControl "5400+30"]

1. e4 e5 2. Nf3 Nf6 3. Nxe5 Qe7 4. d4 d6 5. Nf3 Nxe4 6. Be2 Bg4 7. O-O Nd7 8. Re1 O-O-O 9. c4 Re8 10. Be3 h6 11. Nc3 Nxc3 12. bxc3 g5 13. a4 Bg7 14. Rb1 f5 15. Qb3 b6 16. a5 f4 17. Bd2 Qd8 18. Qb5 Nf6 19. Bd3 Bd7 20. Qa6+ Kb8 21. axb6 cxb6 22. c5 Bc8 23. Qa3 dxc5 24. Ne5 Bb7 25. Nf7 Qd5 26. f3 Qxf7 27. dxc5 Bf8 28. Qb2 Bxc5+ 29. Kh1 Qd5 30. Bb5 Rxe1+ 31. Rxe1 Ng4 32. h3 Nf2+ 33. Kh2 Rd8 34. Re2 Nd3 35. Bxd3 Qxd3 36. c4 Bd4 0-1